00890 a2200193 4500003000500000005001700005010001600022020001500038035002100053040000900074082001400083100002500097245006600122260004700188300003600235505036900271651003900640700001700679Nust20230202144818.0 a 00282477 a0195790219 a(DLC) 00282477 cNust00a623.2,BUR1 aJinnah, Mahomed Ali,10aJinnah : bSpeeches and statements 1947-1948 / cS. M. Burke. aKarachi :bOxford University Press,c2000. alxvii, 242 p. :bill. ;c22 cm. aIntroduction (Page-Xiii), Early Life (Page-1), Religio-Political Philosophy (Page-30), Reaction Of The Fundamentals (Page-40), Khaksars and The Congress (Page-52), Relations With The British Gov (Page-85), Confrontation With The Unionist Party (Page-117), Mashraqi and All India Muslim League (Page-160), The Last Phase 1947-1963 (Page-190), Conclusion (Page-215). 0aPakistanxPolitics and government.1 aBurke, S. M.